Marcatori dell'Italia agli Europei - Polonia-Ucraina 2012 - Statistics

Statistiche generali
  • Questo quiz è stato fatto 22 volte
  • Il punteggio medio è 5 su 6
Statistiche sulle risposte
Partita Minuto Marcatore % Corretto
Italia - Irlanda 2-0 35' Antonio Cassano
95%
Italia - Irlanda 2-0 90' Mario Balotelli
95%
Germania - Italia 1-2 20' Mario Balotelli
95%
Germania - Italia 1-2 36' Mario Balotelli
95%
Spagna - Italia 1-1 61' Andrea Pirlo
86%
Italia - Croazia 1-1 39' Antonio Di Natale
48%
Nessun quiz corrispondente trovato
Distribuzione punteggi
Percentuale di utenti per punteggio
Percentile per numero di risposta
I tuoi punteggi nel tempo
Non hai fatto questo quiz